000 00702nam a2200289Ia 4500
005 20260324120851.0
008 008 260324s9999 xx 000 0 eng d
020 _a9780429476716
037 _aEBOOK
040 _aCRL
040 _beng
040 _cCRL
041 _2eng
041 _aeng
084 _qCRL
100 _aLeonard Horwitz
_91160282
245 0 _aListening with the Fourth Ear
245 0 _bUnconscious Dynamics in Analytic Group Psychotherapy
260 _bTaylor and Francis
260 _c2014
365 _a
365 _b220
856 _uhttp://www.taylorfrancis.com/books/9780429476716
942 _cEBOOK
999 _c1752030
_d1752030